Statistiques concernant Éléments chimique terminant par ium

Cliquez ici pour prendre le quiz!

Statistiques générales

  • Ce quiz a été pris 15 fois
  • Le résultat moyen est 25 sur 74

Statistiques - réponses

Réponses% Correct
Béryllium
73%
Calcium
73%
Magnésium
67%
Radium
67%
Sodium
67%
Aluminium
60%
Hélium
60%
Potassium
60%
Francium
53%
Germanium
53%
Lithium
53%
Palladium
53%
Plutonium
53%
Polonium
53%
Uranium
53%
Californium
47%
Einsteinium
47%
Gallium
47%
Rhodium
47%
Vanadium
47%
Yttrium
47%
Curium
40%
Erbium
40%
Iridium
40%
Thorium
40%
Ytterbium
40%
Zirconium
40%
Américium
33%
Berkélium
33%
Bohrium
33%
Cadmium
33%
Césium
33%
Darmstadtium
33%
Indium
33%
Rhénium
33%
Silicium
33%
Actinium
27%
Copernicium
27%
Europium
27%
Fermium
27%
Gadolinium
27%
Hafnium
27%
Moscovium
27%
Neptunium
27%
Nihonium
27%
Nobélium
27%
Osmium
27%
Rubidium
27%
Scandium
27%
Sélénium
27%
Strontium
27%
Thallium
27%
Dubnium
20%
Flérovium
20%
Hassium
20%
Holmium
20%
Lawrencium
20%
Livermorium
20%
Meitnérium
20%
Protactinium
20%
Roentgenium
20%
Ruthénium
20%
Rutherfordium
20%
Samarium
20%
Seaborgium
20%
Technétium
20%
Terbium
20%
Cérium
13%
Dysprosium
13%
Mendélévium
13%
Niobium
13%
Prométhium
13%
Thulium
13%
Lutécium
7%

Distribution des résultats

Percentile par nombre de réponses

% des personnes avec chaque résultat

Votre développement - résultats

Vous n’avez pas pris ce quiz